书目信息 |
| 题名: |
轻松学习
|
|
| 作者: | 石永丰 | |
| 分册: | ||
| 出版信息: | 清华大学出版社 1996.09 |
|
| 页数: | 372页 | |
| 开本: | 16开 | |
| 丛书名: | ||
| 单 册: | ||
| 中图分类: | TP315-5 | |
| 科图分类: | ||
| 主题词: | 软件 | |
| 电子资源: | ||
| ISBN: | ||
| 000 | 00481nam0 2200181 45 | |
| 001 | 9911301546 | |
| 005 | 19991130153710.1 | |
| 010 | @d29.50 | |
| 100 | @a19991130d1996 km y0chiy0120 ea | |
| 101 | @achi | |
| 105 | @a z 000yy | |
| 200 | 1 | @a轻松学习@AQing Song Xue Xi@f石永丰@FShi Yong Feng |
| 210 | @c清华大学出版社@d1996.09 | |
| 215 | @a372页@c无图表@d16开 | |
| 606 | 0 | @a软件 |
| 690 | @aTP315-5@v3 | |
| 801 | @aCN@bPerfectUser@c19991130 | |
| 905 | @aBZT@b62379-383@f5@dTP315-5@e8 | |
| 轻松学习/石永丰.-清华大学出版社,1996.09 |
| 372页:无图表;16开 |
| ISBN :29.50 |
| ● |
| 相关链接 |
|
|
|
正题名:轻松学习
索取号:TP315-5/8
 
预约/预借
| 序号 | 登录号 | 条形码 | 馆藏地/架位号 | 状态 | 备注 |